| 000 | 00739cab a2200241 4500 | ||
|---|---|---|---|
| 001 | WB3322-02 | ||
| 008 | 090401t1997 xxu||||| |||| 00| 0 eng d | ||
| 035 | _a(Sirsi) u78762 | ||
| 041 | _aeng | ||
| 245 | _aConstruction industry recovery set to continue | ||
| 260 | _c1997 | ||
| 350 | _a0 | ||
| 490 |
_aRICS Press Release _v(pr57.con) 5 June 1997 (1) |
||
| 520 | _aRecovery in the construction industry is set to last, says the RICS on publication of DoE figures showing new orders for the three months to April 1997. | ||
| 650 | _aCONSTRUCTION MARKET | ||
| 650 | _aNEW ORDERS | ||
| 650 | _aRECOVERY | ||
| 650 | _aRICS COMMENT | ||
| 650 | _aSTATISTICS | ||
| 690 | _aBUILT ENVIRONMENT | ||
| 942 | _n0 | ||
| 948 | _c05/06/1997 | ||
| 999 |
_c49512 _d49512 |
||